Normal view
MARC view
- Dr. Qurat ul Ain Javed
Entry Personal Name
001 - CONTROL NUMBER
- control field: 16477
003 - CONTROL NUMBER IDENTIFIER
- control field: NUST
005 - DATE AND TIME OF LATEST TRANSACTION
- control field: 20190703060117.0
008 - FIXED-LENGTH DATA ELEMENTS
- fixed length control field: 190703|| aca||aabn | a|a d
040 ## - CATALOGING SOURCE
- Original cataloging agency: NUST
- Transcribing agency: NUST
100 ## - HEADING--PERSONAL NAME
- Personal name: Dr. Qurat ul Ain Javed
670 ## - SOURCE DATA FOUND
- Source citation: Work cat.: (NUST): Kalsoom, Riffat 16476, Synthesis of Alkaline Niobates by Modified Hydrothermal Process /, 2018.
